| 000 | 00440nam a2200157Ia 4500 | ||
|---|---|---|---|
| 008 | 220204s9999 xx 000 0 und d | ||
| 020 | _a8185680248 | ||
| 082 |
_a632.51.581.52 _bRAJ |
||
| 100 | _aRaju, R A | ||
| 245 | 0 | _aField manual for weed ecology and herbicidal research | |
| 260 |
_aUdaipur _bAgrotech Publishiing Academy _c1997 |
||
| 650 | _aWeed autecology | ||
| 650 | _aWeed herbarium | ||
| 650 | _aWeed spnecology | ||
| 942 | _cBK | ||
| 999 |
_c41870 _d41870 |
||